LEADER 00860nam a2200193 i 4500 001 000000154543 003 CaOOAMICUS 005 20061019000000.0 008 061019s1955 it u000 u ita u 013 $a131889 040 $aSeMil$bita 245 10$aMostra dell'arte e della civiltà etrusca :$bAprile - Giugno 1955. Milano, Palazzo Reale. 260 $aMilano :$bSilvana Editoriale d'Arte,$ccopyr. 1955. 300 $aXXIII, 159 p., [114] p. di tav. ;$c24 cm. 650 4$aCiviltà etrusca.$0(OLS)http://semarc/subject/13996 850 $aSeMil 852 $aSeMil$W1$xVenegono$y1$m5M VII 8$j106401$B106401$CSeMilBibl$Z2$F115639 $81 996 $6245$aMostra dell'arte e della civiltà etrusca :$bAprile - Giugno 1955. Milano, Palazzo Reale$9(OLS)http://semarc/title/226181 996 $6260$aMilano :$bSilvana Editoriale d'Arte$9(OLS)http://semarc/publisher/34189 LEADER 01189nam a2200265 i 4500 001 000000053503 003 CaOOAMICUS 005 20121126000000.0 008 121126s1990 it u000 u ita u 013 $a24675 040 $aSeMil$bita 100 1 $aFantoni, Giuliana.$0(OLS)http://semarc/name/26417 245 12$aL'acqua a Milano :$buso e gestione nel Basso Medioevo, 1385-1535 /$cGiuliana Fantoni. 260 $aBologna :$bCappelli,$c1990. 300 $a183 p. ;$c22 cm. 490 0 $aStudi e testi di storia medioevale ;$v19 650 4$aMilano (Ducato) - Storia - Sec. 14.$0(OLS)http://semarc/subject/11006 650 4$aMilano (Ducato) - Storia - Sec. 16.$0(OLS)http://semarc/subject/8580 650 4$aMilano - Navigli.$0(OLS)http://semarc/subject/11007 830 0$aStudi e testi di storia medioevale ;$v19.$0(OLS)http://semarc/title/37548 850 $aSeMil 852 $aSeMil$W1$xVenegono$y1$m3O III 204$j19657$B19657$CSeMilBibl$Z2$F19659 $81 961 $aAcquisto: Distributore 996 $6245$aL'acqua a Milano :$buso e gestione nel Basso Medioevo, 1385-1535$9(OLS)http://semarc/title/82441 996 $6260$aBologna :$bCappelli$9(OLS)http://semarc/publisher/29689